000 00668nam a2200241Ia 4500
003 OSt
005 20220918190658.0
006 a|||||r|||| 00| 0
007 ta
008 220917b |||||||| |||| 00| 0 eng d
024 _a58,712
037 _cTextual
040 _aARTS
_cARTS
_beng
041 _2eng
_aeng
082 _aQ1:3, E5 (EPS)
100 _aMacnicol Nicol
_925749
245 0 _aIndian theism from the vedic to the Mohammadan period
260 _aDelhi
_bMunshiram Manharla
_c1968
490 _aReligious Quest of Indian
650 _aRELIGION
942 _hQ1:3, E5 (EPS)
_cTEXL
_2CC
999 _c186386
_d186386